Statistics for Game of Thrones Season 7

Click here to take the quiz!

General Stats

  • This quiz has been taken 105 times
  • The average score is 12 of 19

Answer Stats

Hint Answer % Correct
House wiped out by Arya StarkHouse Frey
93%
Former exiled knight returns to Westeros and Daenerys' serviceJorah Mormont
86%
Jon Snow's real fatherRhaegar Targaryen
83%
This bastard returns after 4 seasons of rowingGendry
80%
Item is passed from Petyr to Bran to AryaValyrian Steel Dagger
79%
Jon becomes character with the most screen time, overtaking this characterTyrion Lannister
78%
British popstar who had a cameo in Episode 1Ed Sheeran
74%
Drinks poison provided by Jaime Lannister; goes out like a bossOlenna Tyrell
72%
Executed by the Starks for murder and treasonPetyr Baelish
68%
Sacrifices himself to let Jon escape the wightsBenjen Stark
61%
Castle taken and looted by the LannistersHighgarden
61%
Dickon Tarly
59%
Freezes to death after enduring a zombie bear attackThoros of Myr
54%
Executed by dragonfire after refusing to bend the kneeRandyll Tarly
51%
Strangled with her own whip by Euron GreyjoyNymeria Sand
41%
Impaled with her own spear by Euron GreyjoyObara Sand
39%
City where Melisandre will go to after DragonstoneVolantis
37%
Poisoned by Queen Cersei in an act of revengeTyene Sand
36%
Euron Greyjoy's fearsome flagshipThe Silence
21%

Score Distribution

Percentile by Number Answered

Percent of People with Each Score

Your Score History

You have not taken this quiz